000 00539nam a22001937a 4500
001 BD-DhSAU 156
003 BD-DhSAU
005 20140609110009.0
008 140126b ii a|||| |||| 000 0 eng d
040 _cBD-DhSAU
082 _222
_a635.9 / PAA
100 _aPal, B. P.
_eDr.
245 _aAll about roses /
_cDr. B. P. Pal
260 _aNew Delhi, India :
_bVikas Publishing House Pvt Ltd.
_cc1973
300 _ax, 151p. ;
_bill. ;
_c18 cm.
504 _aIncludes bibliographical references
650 _aHorticulture
650 _aRoses
942 _2ddc
_cBOOK
999 _c156
_d156